000 00515nam a2200169Ia 4500
003 GCL
008 140319s9999 xx 000 0 ara d
040 _aGCL /
_cGCL
082 0 4 _a213
_bر ا
100 1 _aرزق السيد هيبه
245 1 0 _aالاعتداء على بيت الله الحرام /
_cرزق السيد هيبه
260 _a[S.N] :
_bلجنة الاعلام والدراسات المستقبلية ،
_c1988
300 _a151 ص
490 _a
650 0 4 _aالكعبة
942 _2ddc
_cBK
999 _c37105
_d37105